000 00434nam a2200157Ia 4500
008 240729s9999 xx 000 0 und d
022 _a1178-7015
245 0 _aClinical, Cosmetic and Investigational Dermatology
260 _aUnited Kingdom
260 _bDove Medical Press
650 _a Dermatology
650 _aMedicine
856 _uhttps://doaj.org/toc/b5e60fd924714af5993097296e536e3d
942 _2ddc
942 _cDOAJEJ
999 _c73822
_d73822
945 _a1
_bMadushi Gamage
_c1
_dMadushi Gamage